| 000 | 00558 a2200181 4500 | ||
|---|---|---|---|
| 020 | _a978-0-470-88091-3 | ||
| 020 | _a0-470-88091-0 | ||
| 040 | _aDLC | ||
| 082 | 0 | 0 | _a621.3822 |
| 100 | _aLeis, John | ||
| 245 | 1 | 0 |
_aDigital signal processing using MATLAB for students and researchers _cJohn W. Leis. |
| 260 |
_aHoboken, New Jersey : _bWiley, _cc2011 |
||
| 300 |
_axii, 382 pages : _bill. ; _c25 cm |
||
| 650 | 0 |
_aSignal processing _xDigital techniques. |
|
| 650 | 0 |
_xMathematics _xData processing. |
|
| 700 | _4John W. Leis | ||
| 942 |
_cBK _k621.3822 LEI _2ddc |
||
| 999 |
_c10997 _d10997 |
||